Computer graphics / (Record no. 133120)

MARC details
000 -LEADER
fixed length control field 00785nam a22002537a 4500
005 - DATE AND TIME OF LATEST TRANSACTION
control field 20170124110204.0
010 ## - LIBRARY OF CONGRESS CONTROL NUMBER
LC control number B-047009
020 ## - INTERNATIONAL STANDARD BOOK NUMBER
Terms of availability 425.00
International Standard Book Number 8120309448
035 ## - SYSTEM CONTROL NUMBER
System control number B-047009
037 ## - SOURCE OF ACQUISITION
Source of stock number/acquisition Cen Lib/Ret
040 ## - CATALOGING SOURCE
Original cataloging agency DPL
Language of cataloging EN
082 ## - DEWEY DECIMAL CLASSIFICATION NUMBER
Classification number 005.6
Item number HEA
100 ## - MAIN ENTRY--PERSONAL NAME
Personal name Hearn, Donald
9 (RLIN) 36883
245 ## - TITLE STATEMENT
Title Computer graphics /
Statement of responsibility, etc by Donald Hearn [and] M. Pauline Baker
250 ## - EDITION STATEMENT
Edition statement 2nd ed
260 ## - PUBLICATION, DISTRIBUTION, ETC. (IMPRINT)
Place of publication, distribution, etc New Delhi
Name of publisher, distributor, etc Printice-Hall of India
Date of publication, distribution, etc 1994
270 ## - ADDRESS
Address M-97, Cannaught Circus
City New Delhi
Postal code 110001
300 ## - PHYSICAL DESCRIPTION
Extent xix,652p. :
Dimensions 24cm(Hb)
Other physical details col.ill.
500 ## - GENERAL NOTE
General note Includes bibliographical references and index<br/>
650 ## - SUBJECT ADDED ENTRY--TOPICAL TERM
Topical term or geographic name as entry element Computer graphics
9 (RLIN) 72534
650 ## - SUBJECT ADDED ENTRY--TOPICAL TERM
Topical term or geographic name as entry element Infographie
9 (RLIN) 72535
700 ## - ADDED ENTRY--PERSONAL NAME
Personal name Baker, M. Pauline
9 (RLIN) 36886
942 ## - ADDED ENTRY ELEMENTS (KOHA)
Source of classification or shelving scheme Dewey Decimal Classification
Koha item type English Books
Classification part 005.6
Call number suffix HEA
Holdings
Withdrawn status Lost status Damaged status Not for loan Home library Current library Date acquired Source of acquisition Cost, normal purchase price Total Checkouts Full call number Barcode Date last seen Date checked out Copy number Cost, replacement price Price effective from Koha item type
        Central Library Central Library 24/07/2015 Cen Lib/Ret 425.00 1 005.6 HEA B-047009 01/09/2019 29/05/2018 1 425.00 24/07/2015 English Books

© Delhi Public Library
Hit Counter
free hit counter